[Event "AUTO-OPEN-4346"]
[Site "http://www.queenalice.com/game.php?id=1800752"]
[Date "2022.11.26"]
[Round "3"]
[White "Canuma"]
[Black "Holanda76"]
[Result "1-0"]
[WhiteElo "2734"]
[BlackElo "2479"]

1. d4 Nf6 2. c4 e6 3. Nc3 Bb4 4. Qc2 O-O 5. a3 Bxc3+ 6. Qxc3 b6 7. Bg5 Bb7 8. e3
h6 9. Bh4 Re8 10. Ne2 d6 11. Qc2 Nbd7 12. Nc3 c5 13. O-O-O Qc8 14. f3 d5 15. Kb1
a6 16. cxd5 Nxd5 17. Bf2 cxd4 18. Nxd5 Qxc2+ 19. Kxc2 Bxd5 20. Rxd4 f5 21. Be2
Nf6 22. b3 e5 23. Rd2 b5 24. Kb2 e4 25. Rhd1 Bb7 26. f4 Bc8 27. Rd6 Be6 28. Be1
Kf7 29. Bc3 Ng4 30. Bxg4 fxg4 31. Rb6 Reb8 32. Rxb8 Rxb8 33. Rd6 Ra8 34. Rb6 g6
35. Bd4 Ke7 36. g3 h5 37. Bc5+ Kf7 38. Rb7+ Kg8 39. Kc3 Bd5 40. Rb6 Kf7 41. b4
Ba2 42. Bd4 Be6 43. Rb7+ Ke8 44. Bc5 Bd7 45. Kd4 a5 46. Ke5 axb4 47. axb4 Rc8
48. Kf6 Rc6+ 49. Kg5 1-0

[Event "AUTO-OPEN-4344"]
[Site "http://www.queenalice.com/game.php?id=1805196"]
[Date "2023.2.1"]
[Round "3"]
[White "gizmokaka"]
[Black "Canuma"]
[Result "1/2-1/2"]
[WhiteElo "2484"]
[BlackElo "2727"]

1. c4 e5 2. Nc3 Nf6 3. Nf3 Nc6 4. e4 Bb4 5. d3 O-O 6. a3 Bxc3+ 7. bxc3 d6 8. g3
Nd7 9. Bg2 a6 10. O-O b5 11. cxb5 axb5 12. Be3 Nf6 13. Qb1 Rb8 14. Qc2 Bd7 15.
a4 bxa4 16. Rxa4 Qc8 17. Bg5 Ne8 18. Be3 h6 19. Nd2 Bh3 20. Rb1 Rxb1+ 21. Qxb1
Nf6 22. f3 Bxg2 23. Kxg2 Qd7 24. Ra3 Rb8 25. Qc2 d5 26. Nb3 dxe4 27. dxe4 Qd6
28. Ra2 Nd7 29. Nd2 Nb6 30. Qb3 Qd3 31. Kf2 Nc8 32. Qc4 Qxc4 33. Nxc4 f6 34. Ra6
N8e7 35. Bc5 Kf7 36. Bxe7 Nxe7 37. Ra7 c6 38. h4 Ke6 39. Nd2 Rb2 40. Ke2 g6 41.
Kd1 Rb8 42. Ke2 Rb2 43. Kd3 Rb8 44. Ke3 Rb2 45. Kd3 Rb8 46. Ke3 Rb2 47. Ra8 Rc2
48. Kd3 Rc1 49. Rf8 f5 50. Nb3 Rg1 51. Nc5+ Kd6 52. Kc4 Kc7 53. Rf7 Kd8 54. Rf8+
Kc7 55. Nd3 1/2-1/2

[Event "AUTO-OPEN-4344"]
[Site "http://www.queenalice.com/game.php?id=1805197"]
[Date "2023.2.1"]
[Round "3"]
[White "Canuma"]
[Black "gizmokaka"]
[Result "1/2-1/2"]
[WhiteElo "2732"]
[BlackElo "2479"]

1. e4 e5 2. Nf3 Nc6 3. Bc4 Nf6 4. d3 Bc5 5. O-O d6 6. c3 O-O 7. b4 Bb6 8. Nbd2
Ne7 9. a4 a5 10. b5 Ng6 11. Ba3 Nh5 12. d4 Nhf4 13. Qc2 Re8 14. Bb2 c6 15. Rfe1
Nh4 16. Nxh4 Qxh4 17. Re3 Qg5 18. Rg3 Qf6 19. Bf1 Be6 20. Nf3 h6 21. dxe5 dxe5
22. c4 Nh5 23. c5 Bc7 24. b6 Nxg3 25. hxg3 Bd8 26. Nxe5 Qg5 27. Nf3 Qh5 28. Rd1
Bf6 29. Bxf6 gxf6 30. Nh4 Rad8 31. Re1 Qg5 32. Nf3 Qg7 33. Re3 Rd7 34. Qc3 Rd1
35. Qxa5 Bc4 36. Re1 Rxe1 37. Qxe1 Bxf1 38. Qxf1 Rxe4 39. a5 Ra4 40. Qe2 Rxa5
41. Qe7 Qf8 42. Qxb7 Rb5 43. Qxc6 Qxc5 44. Qxf6 Qxb6 45. Qxb6 Rxb6 46. g4 Rb4
47. Nh2 Kg7 48. f3 Kg6 49. Kf2 Kg5 50. Kg3 Rb3 51. Nf1 Rd3 52. Nh2 Ra3 53. Nf1
h5 1/2-1/2

[Event "AUTO-OPEN-4350"]
[Site "http://www.queenalice.com/game.php?id=1805294"]
[Date "2023.2.2"]
[Round "3"]
[White "Canuma"]
[Black "Holanda76"]
[Result "1/2-1/2"]
[WhiteElo "2732"]
[BlackElo "2490"]

1. e4 e6 2. c4 c5 3. Nf3 Nc6 4. d4 cxd4 5. Nxd4 Nf6 6. Nxc6 dxc6 7. Qxd8+ Kxd8
8. e5 Ng4 9. f4 Bc5 10. Nd2 Ne3 11. Ne4 Bd4 12. Bxe3 Bxe3 13. g3 Ke7 14. Rd1 c5
15. Bg2 Rb8 16. Ke2 Bd4 17. b4 b6 18. Nd6 Bd7 19. b5 f6 20. h4 Rhg8 21. Rxd4
cxd4 22. Be4 h6 23. Bg6 Bc8 24. a4 Bb7 25. Ra1 a5 26. Kd3 Rgd8 27. Kxd4 Rbc8 28.
Ke3 1/2-1/2

[Event "AUTO-OPEN-4350"]
[Site "http://www.queenalice.com/game.php?id=1805295"]
[Date "2023.2.2"]
[Round "3"]
[White "Holanda76"]
[Black "Canuma"]
[Result "1/2-1/2"]
[WhiteElo "2485"]
[BlackElo "2737"]

1. Nf3 c5 2. e4 Nc6 3. Nc3 e5 4. Bc4 Be7 5. d3 d6 6. O-O Nf6 7. Re1 O-O 8. a4
Be6 9. Bd2 Qd7 10. Nd5 Nd4 11. Ne3 Bxc4 12. Nxc4 b6 13. c3 Ne6 14. h3 Rfe8 15.
Ne3 Bf8 16. c4 Nd4 17. Nxd4 exd4 18. Ng4 Nxg4 19. Qxg4 Qxg4 20. hxg4 f6 21. f4
a5 22. Kf2 Kf7 23. Rh1 h6 24. f5 Be7 25. Kg3 Bd8 26. Kf3 Ra7 27. Ke2 Bc7 28. b3
Rb7 1/2-1/2

[Event "AUTO-ELITE-2475"]
[Site "http://www.queenalice.com/game.php?id=1811403"]
[Date "2023.5.7"]
[Round "1"]
[White "raulzampronha"]
[Black "Canuma"]
[Result "0-1"]
[WhiteElo "2255"]
[BlackElo "2732"]

1. d4 Nf6 2. c4 e6 3. Nc3 Bb4 4. Qc2 O-O 5. a3 Bxc3+ 6. Qxc3 d5 7. Nf3 Nbd7 8.
g3 c5 9. dxc5 Nxc5 10. cxd5 Nfe4 11. Qc2 Bd7 12. dxe6 Ba4 13. exf7+ Rxf7 0-1

[Event "AUTO-ELITE-2475"]
[Site "http://www.queenalice.com/game.php?id=1811404"]
[Date "2023.5.7"]
[Round "1"]
[White "Canuma"]
[Black "raulzampronha"]
[Result "1-0"]
[WhiteElo "2731"]
[BlackElo "2237"]

1. e4 c5 2. Nf3 e6 3. d4 cxd4 4. Nxd4 d6 5. c4 Nf6 6. Nc3 a6 7. Be2 Nbd7 8. f4
Qc7 9. O-O b6 10. Be3 Bb7 11. Bf3 Be7 12. Rc1 O-O 13. g4 e5 14. Nf5 Nc5 15. b4
Ncxe4 16. Nd5 1-0

[Event "AUTO-ELITE-2475"]
[Site "http://www.queenalice.com/game.php?id=1811409"]
[Date "2023.5.7"]
[Round "1"]
[White "trompmaster"]
[Black "Canuma"]
[Result "0-1"]
[WhiteElo "2517"]
[BlackElo "2728"]

1. e4 e5 2. Nf3 Nc6 3. Bc4 Bc5 4. b4 Bxb4 5. c3 Be7 6. Qb3 Nh6 7. d4 Na5 8. Qb5
Nxc4 9. Qxc4 Ng4 10. h3 Nf6 11. dxe5 d5 12. exd5 Qxd5 13. Qe2 Ne4 14. O-O Bf5
15. Rd1 Qa5 16. Nd4 Bg6 17. Nb3 Qxe5 18. f3 Qh5 19. Re1 Bh4 20. N1d2 Bxe1 21.
Qxe1 O-O-O 22. fxe4 Rhe8 23. Ba3 b6 24. Nd4 c5 25. N4f3 Bxe4 26. Nxe4 Qd5 27.
Nfd2 f5 28. Bc1 fxe4 29. Nf1 Qd1 30. Bf4 Qxe1 31. Rxe1 Rd3 32. Re3 Rxe3 33. Nxe3
Rd8 34. Nc4 Rd1+ 35. Kf2 Ra1 36. Ke3 Rxa2 37. g4 Rc2 38. Nd6+ Kd7 39. Nxe4 a5
40. Kd3 Rg2 41. c4 Kc6 42. Be5 g6 43. Nf6 b5 44. cxb5+ Kxb5 45. Nxh7 c4+ 46. Kc3
a4 47. Bd6 Re2 48. Nf8 Re3+ 49. Kc2 g5 50. Nh7 c3 51. Nxg5 Kc4 52. h4 Re8 53. h5
Re2+ 54. Kc1 Kd3 55. Nf3 a3 56. Bxa3 Re3 0-1

[Event "AUTO-ELITE-2475"]
[Site "http://www.queenalice.com/game.php?id=1811410"]
[Date "2023.5.7"]
[Round "1"]
[White "Canuma"]
[Black "trompmaster"]
[Result "1/2-1/2"]
[WhiteElo "2733"]
[BlackElo "2504"]

1. e4 c6 2. d4 d5 3. Nc3 dxe4 4. Nxe4 Nf6 5. Nxf6+ exf6 6. c3 Bd6 7. Bd3 O-O 8.
Ne2 Nd7 9. Qc2 h6 10. O-O Qc7 11. Ng3 Rd8 12. Qe2 Nf8 13. a4 c5 14. d5 Ng6 15.
c4 f5 16. Bxf5 Bxf5 17. Nxf5 Bxh2+ 18. Kh1 Be5 19. Ra3 Bf4 20. Qf3 Bxc1 21. Rxc1
Re8 22. d6 Qd7 23. Rd1 Re5 24. Ne3 Rae8 25. a5 R5e6 26. Rb3 Rxd6 27. Rxd6 Qxd6
28. Rxb7 Ne5 29. Qd5 Qf6 30. Kg1 Ng4 31. Qf3 Qxf3 32. gxf3 Nxe3 33. fxe3 Rxe3
34. Rxa7 Rb3 35. Ra8+ Kh7 36. Rc8 Rxb2 37. Rxc5 Ra2 38. Rb5 Kg6 39. c5 Kf6 40.
a6 Ke6 41. Rb6+ Kd5 42. c6 Kd6 43. c7+ Kxc7 44. Rb7+ Kc6 45. Rxf7 Rxa6 46. Rxg7
1/2-1/2

[Event "AUTO-ELITE-2479"]
[Site "http://www.queenalice.com/game.php?id=1813144"]
[Date "2023.6.5"]
[Round "1"]
[White "trompmaster"]
[Black "Canuma"]
[Result "1/2-1/2"]
[WhiteElo "2520"]
[BlackElo "2714"]

1. e4 e5 2. Nf3 Nf6 3. Nxe5 d6 4. Nf3 Nxe4 5. d3 Nf6 6. d4 d5 7. Bd3 Bg4 8. O-O
Be7 9. h3 Bh5 10. Bg5 Nbd7 11. Nbd2 c6 12. c3 O-O 13. Qc2 Bg6 14. Bxg6 hxg6 15.
Rae1 c5 16. Re2 Bd6 17. dxc5 Bxc5 18. Rfe1 Qc7 19. Qd3 a6 20. Nb3 Ba7 21. Re7
Qc4 22. Qd1 Rab8 23. a3 Ne4 24. Nbd4 Qc8 25. Bf4 Bc5 26. Bxb8 Bxe7 27. Bf4 Re8
28. Nc2 Nb6 29. Nb4 Bxb4 30. axb4 Qf5 31. Qc1 Nc4 32. Nd4 Qd7 33. f3 Ned6 34. b3
Rxe1+ 35. Qxe1 Nb6 36. Qe3 Nf5 37. Nxf5 Qxf5 38. g4 Qe6 39. Kf2 Qc6 40. Qe7 Nc8
41. Qd8+ Kh7 42. Qh4+ 1/2-1/2

[Event "AUTO-ELITE-2479"]
[Site "http://www.queenalice.com/game.php?id=1813145"]
[Date "2023.6.5"]
[Round "1"]
[White "Canuma"]
[Black "trompmaster"]
[Result "1-0"]
[WhiteElo "2703"]
[BlackElo "2531"]

1. d4 Nf6 2. c4 g6 3. Nc3 Bg7 4. e4 d6 5. Nf3 O-O 6. Be2 e5 7. O-O Nc6 8. d5 Ne7
9. b4 a5 10. Ba3 axb4 11. Bxb4 Nd7 12. a4 Bh6 13. a5 f5 14. Bd3 Nf6 15. c5 fxe4
16. Nxe4 Nxe4 17. Bxe4 Bf5 18. Re1 Bxe4 19. Rxe4 Rf5 20. cxd6 cxd6 21. Be1 Rc8
22. Rb1 Qd7 23. Reb4 Rc7 24. Qb3 Rf4 25. Rxb7 Rxb7 26. Qxb7 Qxb7 27. Rxb7 Bf8
28. Rb4 Rxb4 29. Bxb4 Nxd5 30. a6 Nc7 31. a7 h6 32. Nd2 d5 33. Bxf8 Kxf8 34. Nf3
e4 35. Ne5 Kg7 36. Nd7 Na8 37. Kf1 g5 38. Ke2 Kf7 39. f3 Ke6 40. Nc5+ Kd6 41.
Nb3 Kc6 42. fxe4 dxe4 43. Ke3 Kb6 44. Kxe4 Kxa7 45. Kf5 Nb6 46. Kg6 g4 47. Kxh6
Nd5 48. Kg5 Ne3 49. h4 Nxg2 50. h5 g3 51. Nc1 1-0

[Event "AUTO-ELITE-2479"]
[Site "http://www.queenalice.com/game.php?id=1813152"]
[Date "2023.6.5"]
[Round "1"]
[White "Canuma"]
[Black "Sexxy_Bunny"]
[Result "0-1"]
[WhiteElo "2722"]
[BlackElo "2739"]

1. d4 Nf6 2. c4 e6 3. Nc3 Bb4 4. e3 O-O 5. Bd2 b6 6. Nf3 d5 7. Rc1 Bb7 8. cxd5
exd5 9. Bd3 Be7 10. O-O Nbd7 11. Bb1 c5 12. Ne5 Nxe5 13. dxe5 Ne4 14. f4 Nxd2
15. Qxd2 f6 16. Rcd1 fxe5 17. Nxd5 Qxd5 18. Qxd5+ Bxd5 19. Rxd5 exf4 20. exf4 c4
21. g3 Rfd8 22. Rfd1 Rxd5 23. Rxd5 Bf6 24. Rd2 h6 25. Kf2 Kf8 26. Kf3 a5 27. Be4
Rb8 28. b3 c3 29. Rd6 Ke7 30. Rc6 Rd8 31. Rxb6 Rd2 32. a4 Bd4 33. Ra6 Rf2+ 34.
Kg4 Rxh2 35. Rxa5 c2 0-1

[Event "AUTO-ELITE-2479"]
[Site "http://www.queenalice.com/game.php?id=1813153"]
[Date "2023.6.5"]
[Round "1"]
[White "Sexxy_Bunny"]
[Black "Canuma"]
[Result "1-0"]
[WhiteElo "2768"]
[BlackElo "2710"]

1. e4 e5 2. Nf3 Nf6 3. Nxe5 d6 4. Nf3 Nxe4 5. d4 d5 6. Bd3 Bd6 7. O-O O-O 8. c4
c6 9. Qc2 Na6 10. a3 Bg4 11. Ne5 Bxe5 12. dxe5 Nac5 13. f3 Nxd3 14. Qxd3 Nc5 15.
Qd4 Nb3 16. Qxg4 Nxa1 17. Bh6 g6 18. Nc3 Nb3 19. Bxf8 Qxf8 20. cxd5 cxd5 21. Kh1
Qe7 22. f4 Qe6 23. Qg3 Qc6 24. f5 Nd2 25. Re1 Ne4 26. Nxe4 dxe4 27. Qf4 gxf5 28.
Qxf5 Qg6 29. Qd7 b5 30. h3 a6 31. Re2 Qe6 32. Qb7 Re8 33. Rxe4 Re7 34. Qb8+ Re8
35. Qc7 Rc8 36. Qa7 Kg7 37. Kh2 Re8 38. Qe3 h6 39. Qf4 Rd8 40. Rd4 Rxd4 41. Qxd4
h5 42. Qf4 Qa2 43. Qg5+ Kf8 44. Qd8+ Kg7 45. Qf6+ Kh7 46. b4 Kg8 47. Qg5+ Kf8
48. Qxh5 Qxa3 49. Qh8+ Ke7 50. Qf6+ 1-0

[Event "AUTO-ELITE-2488"]
[Site "http://www.queenalice.com/game.php?id=1817075"]
[Date "2023.7.24"]
[Round "1"]
[White "FLEURY"]
[Black "Canuma"]
[Result "1-0"]
[WhiteElo "2596"]
[BlackElo "2708"]

1. e4 e5 2. Nf3 d6 3. d4 Nd7 4. c4 Ngf6 5. Nc3 c6 6. Be2 Be7 7. O-O O-O 8. Qc2
Qc7 9. Be3 a6 10. Rac1 b5 11. cxb5 cxb5 12. Rfd1 Rb8 13. h3 Bb7 14. Qb1 exd4 15.
Nxb5 Qa5 16. Nbxd4 Bxe4 17. Bd3 Bxf3 18. Nxf3 Rfc8 19. a3 Rxc1 20. Qxc1 Bf8 21.
Qc2 Ne5 22. Nxe5 dxe5 23. Rd2 e4 24. Bxe4 Nxe4 25. Qxe4 Qb5 26. g3 g6 27. a4 Qb3
28. Qc6 1-0

[Event "AUTO-ELITE-2488"]
[Site "http://www.queenalice.com/game.php?id=1817076"]
[Date "2023.7.24"]
[Round "1"]
[White "Canuma"]
[Black "FLEURY"]
[Result "0-1"]
[WhiteElo "2704"]
[BlackElo "2606"]

1. e4 e5 2. Nf3 Nc6 3. Bc4 Bc5 4. b4 Bxb4 5. c3 Be7 6. d4 Na5 7. Nxe5 Nxc4 8.
Nxc4 d5 9. exd5 Qxd5 10. Ne3 Qa5 11. O-O Nf6 12. c4 O-O 13. d5 Re8 14. Bb2 Ne4
15. Qd3 Nc5 16. Qc3 Qxc3 17. Nxc3 a6 18. Ba3 Bd7 19. Ne2 b6 20. Rad1 Bd6 21.
Rfe1 Re7 22. Nd4 Rae8 23. Nb3 Kf8 24. Bxc5 bxc5 25. Kf1 h5 26. Rc1 g5 27. h3 f5
28. Nc2 a5 29. Rxe7 Bxe7 30. Re1 a4 31. Nc1 f4 32. f3 Bf5 33. Na3 Bf6 34. Nb5
Rb8 35. Rd1 Bd7 36. Nxc7 Rb1 37. Ke2 Rb2+ 38. Rd2 a3 39. Nd3 Bc3 40. Nxb2 axb2
41. Rd1 Bf5 42. Ne6+ Ke7 43. Nxg5 b1=Q 44. Rxb1 Bxb1 45. Ne6 Bxa2 46. Kd3 Be1
47. Nxc5 Kd6 48. Ne4+ Ke5 49. d6 Bb1+ 50. Ke2 Bb4 51. c5 Ba2 52. h4 Bd5 53. g3
Bc4+ 54. Kf2 fxg3+ 0-1

[Event "AUTO-ELITE-2488"]
[Site "http://www.queenalice.com/game.php?id=1817079"]
[Date "2023.7.24"]
[Round "1"]
[White "Donidon"]
[Black "Canuma"]
[Result "0-1"]
[WhiteElo "2202"]
[BlackElo "2695"]

1. e4 e5 2. Nf3 Nc6 3. d4 exd4 4. Nxd4 Nf6 5. Nc3 Bb4 6. Nxc6 bxc6 7. Bd3 d5 8.
exd5 cxd5 9. O-O O-O 10. Bg5 Be6 11. a3 Be7 12. f3 c5 13. b3 Qc7 14. Nb5 Qb6 15.
Bf4 c4+ 16. Kh1 Qxb5 17. Be2 Rfe8 18. b4 Nd7 19. c3 Rad8 20. a4 Qb7 21. Be3 Bf5
22. Qd2 a5 23. b5 Nc5 24. Bxc5 Bxc5 25. f4 Be3 26. Qd1 Qe7 27. Bf3 d4 28. b6 Qc5
29. b7 dxc3 30. b8=Q Rxb8 31. Qd5 Qxd5 32. Bxd5 c2 33. Bxc4 Rb1 34. h3 Rxf1+ 35.
Rxf1 Rc8 0-1

[Event "AUTO-ELITE-2488"]
[Site "http://www.queenalice.com/game.php?id=1817080"]
[Date "2023.7.24"]
[Round "1"]
[White "Canuma"]
[Black "Donidon"]
[Result "1-0"]
[WhiteElo "2694"]
[BlackElo "2197"]

1. e4 e5 2. Nf3 Nc6 3. Bc4 Nf6 4. d3 Bb4+ 5. c3 Be7 6. O-O O-O 7. Re1 d6 8. Bb3
a5 9. Bc2 Bg4 10. Nbd2 d5 11. exd5 Nxd5 12. h3 Bxf3 13. Nxf3 f6 14. d4 exd4 15.
Nxd4 Nxd4 16. Qxd4 Kh8 17. Bf5 Bd6 18. Qh4 g6 19. Bxg6 Qd7 20. Be4 c6 21. c4 Nb6
22. Rd1 f5 23. Bc2 Qc7 24. Rxd6 Qxd6 25. c5 Qxc5 26. Be3 Qxc2 27. Bd4+ Kg8 28.
Qg5+ Kf7 29. Qf6+ Ke8 30. Qe6+ Kd8 31. Bxb6# 1-0

[Event "AUTO-ELITE-2391"]
[Site "http://www.queenalice.com/game.php?id=1817087"]
[Date "2023.7.25"]
[Round "3"]
[White "Canuma"]
[Black "acid"]
[Result "1/2-1/2"]
[WhiteElo "2698"]
[BlackElo "2783"]

1. e4 c5 2. Nf3 d6 3. d4 cxd4 4. Nxd4 Nf6 5. Nc3 g6 6. f3 Nc6 7. Be3 h5 8. Be2
Bg7 9. O-O O-O 10. Qd2 Nxd4 11. Bxd4 Bd7 12. Rad1 Bc6 13. Bc4 Qc7 14. Rfe1 e6
15. a4 d5 16. exd5 Bxd5 17. Nxd5 Nxd5 18. Bxg7 Kxg7 19. Bxd5 exd5 20. c3 Rfe8
21. Rxe8 Rxe8 22. Qxd5 Re2 23. Qd4+ Kh7 24. Rd2 1/2-1/2

[Event "AUTO-ELITE-2391"]
[Site "http://www.queenalice.com/game.php?id=1817088"]
[Date "2023.7.25"]
[Round "3"]
[White "acid"]
[Black "Canuma"]
[Result "1/2-1/2"]
[WhiteElo "2783"]
[BlackElo "2701"]

1. d4 Nf6 2. Nc3 d5 3. Bf4 Bf5 4. e3 e6 5. Bd3 c6 6. Bxf5 exf5 7. Nce2 Nbd7 8.
Nf3 g6 9. O-O Bg7 10. b3 O-O 11. c4 Re8 12. Rc1 dxc4 13. bxc4 Ne4 14. Qc2 Rc8
15. Ng3 Qe7 16. Qa4 Nxg3 17. Bxg3 Nf6 18. Bh4 b6 19. Rfd1 Qb7 20. Bxf6 Bxf6 21.
c5 Qc7 22. Qb3 Rb8 23. Qc2 Rec8 24. h4 Be7 25. cxb6 axb6 26. a4 h5 27. Qc4 Bf6
28. d5 c5 29. Nd4 Bxd4 30. exd4 Qd7 31. Rb1 Qd6 32. dxc5 Rxc5 33. Qb3 1/2-1/2

[Event "AUTO-ELITE-2391"]
[Site "http://www.queenalice.com/game.php?id=1817089"]
[Date "2023.7.25"]
[Round "3"]
[White "Canuma"]
[Black "Sexxy_Bunny"]
[Result "1/2-1/2"]
[WhiteElo "2700"]
[BlackElo "2734"]

1. e4 c5 2. Nf3 d6 3. c3 Nf6 4. Bc4 Nc6 5. d3 g6 6. O-O Bg7 7. Be3 O-O 8. Nbd2
Na5 9. Bb5 Qb6 10. a4 Qc7 11. b4 a6 12. bxa5 axb5 13. axb5 Rxa5 14. Rxa5 Qxa5
15. c4 Ng4 16. Bf4 e5 17. Bg3 Bd7 18. Qc2 Ra8 19. Rb1 h6 20. Nb3 Qd8 21. Ra1 Nf6
22. Rxa8 Qxa8 23. Nfd2 Nh5 24. f3 f5 25. Bf2 Nf4 26. Be3 h5 27. exf5 gxf5 28.
Bxf4 exf4 29. Nb1 Be6 30. Nc3 Bf7 31. Ne2 b6 32. Nxf4 Bh6 33. Ne2 Be3+ 34. Kf1
h4 35. Nc3 h3 36. Qe2 Bg5 37. Qf2 Kh7 38. Qg3 hxg2+ 39. Kxg2 Qd8 40. f4 Bf6 41.
Ne2 Qa8+ 42. Kf2 Qa2 43. Nc1 Qd2 44. Nb3 Qc2 45. Nc1 Bd4+ 46. Kg2 Bf6 47. Kf2
Qd2 48. Nb3 Qc2 49. Nc1 1/2-1/2

[Event "AUTO-ELITE-2391"]
[Site "http://www.queenalice.com/game.php?id=1817090"]
[Date "2023.7.25"]
[Round "3"]
[White "Sexxy_Bunny"]
[Black "Canuma"]
[Result "1/2-1/2"]
[WhiteElo "2747"]
[BlackElo "2703"]

1. e4 d5 2. exd5 Qxd5 3. Nc3 Qa5 4. d4 c6 5. Nf3 Bf5 6. Bc4 Nd7 7. Bd2 Ngf6 8.
Qe2 Qc7 9. O-O-O e6 10. Ne5 Bb4 11. Nxd7 Kxd7 12. a3 Bd6 13. h4 Rad8 14. Bg5 Be7
15. d5 exd5 16. Bxd5 cxd5 17. Nxd5 Qxc2+ 18. Qxc2 Bxc2 19. Nxf6+ Kc6 20. Kxc2
gxf6 21. Be3 f5 22. Rc1 b6 23. Kb1+ Kb7 24. Bf4 Bc5 25. b4 Bxf2 26. Rc7+ Ka6 27.
Rxf7 Rdf8 28. Rg7 Rfg8 29. Rg5 h6 30. Rxg8 Rxg8 31. Bxh6 Rxg2 32. h5 Kb5 33. Bf4
Bg3 34. Bxg3 Rxg3 35. h6 Rg8 36. h7 Rh8 37. Kc2 f4 38. Rh5+ Ka4 39. b5 Kxa3 40.
Kd3 Kb4 41. Ke4 Ka4 42. Kxf4 Ka5 43. Ke4 a6 44. bxa6+ Kxa6 45. Kf5 Kb5 46. Kf6+
Kc4 47. Rh4+ Kd5 48. Kg7 Re8 49. Rb4 Kc5 50. Rxb6 Kxb6 51. h8=Q Rxh8 52. Kxh8
1/2-1/2